| Поле | Инд. | ПП | Название | Значение |
|---|---|---|---|---|
| Тип записи | a | |||
| Библиографический уровень | m | |||
| 001 | Контрольный номер | 2558be7c-12e3-11da-855a-00c0262f1595 | ||
| 005 | Дата корректировки | 20250915104229.2 | ||
| 008 | Кодируемые данные | 050822 | ||
| 040 | a | Служба первич. каталог. | НБ ТвГУ | |
| 041 | a | Код языка текста | rus | |
| 080 | a | Индекс УДК | 669.017(075.8) | |
| 084 | a | Индекс другой классификации/Индекс ББК | К2я73-1 | |
| 090 | a | Полочн. индекс | К2 | |
| x | Авторский знак | Л98 | ||
| 100 | 1_ | a | Автор | Ляхова Марина Борисовна |
| 245 | 10 | a | Заглавие | Основы физического металловедения [Электронный ресурс] |
| b | Продолж. заглавия | учеб. пособие | ||
| c | Ответственность | М. Б. Ляхова ; М-во образования Рос. Федерации, Твер. гос. ун-т | ||
| 260 | 0_ | a | Место издания | Тверь |
| b | Издательство | Тверской государственный университет | ||
| c | Дата издания | 2002 | ||
| 300 | a | Объем | 186 с. | |
| 650 | a | Основная рубрика | Металловедение | |
| x | Основная подрубрика | Учебники для вузов | ||
| 650 | a | Основная рубрика | Металлы | |
| x | Основная подрубрика | Физика | ||
| 653 | a | Ключевые слова | Металловедение | |
| a | Ключевые слова | Физическое металловедение | ||
| 856 | u | URL | http://texts.lib.tversu.ru/texts2/00397ucheb.pdf | |
| x | Примечание для ЭОР | Реестр суммарного учета сетевых локальных документов | ||
| z | Примечание для пользователя | Участвует в КО | ||
| 930 | a | Новая/Ретро | полный текст | |
| a | Новая/Ретро | учебники | ||
| 952 | c | Вид литературы | К ру | |
| 954 | a | Дата поступления на обработку | 20050825 |